000 00682nas a2200253 4500
001 BR4400108
003 BR-BrBNA
005 20231205081831.0
007 ta
008 230509b bl.|||p| |||| 00| 00por d
040 _aBR-BrBNA
_bpor
_cBiblioteca Nacional de Agricultura
041 _a(Pt)
072 _aE15
100 1 _aAnon.
245 1 _aCooperativismo e credito agricola [Brasil]
650 _aMicroeconomia
650 _aCooperativa
650 _aCredito agricola
650 _aCredito cooperativo
650 _aJuro
773 0 _tCooperacao (Brazil)
_x
_g(May 1944), v. 4(23) p. 4-5
_wBR4400108
909 _a202311
_bLúcia
_c55
_dLúcia Elande
942 _2AGRIS
_n0
_cANA
999 _c87204
_d87204